MARC details
| 001 - CONTROL NUMBER |
| control field |
23914766 |
| 003 - CONTROL NUMBER IDENTIFIER |
| control field |
000 |
| 005 - DATE AND TIME OF LATEST TRANSACTION |
| control field |
20251015143606.0 |
| 008 - FIXED-LENGTH DATA ELEMENTS--GENERAL INFORMATION |
| fixed length control field |
241105s2025 flu bf 001 0 eng |
| 010 ## - LIBRARY OF CONGRESS CONTROL NUMBER |
| LC control number |
2024052425 |
| 020 ## - INTERNATIONAL STANDARD BOOK NUMBER |
| International Standard Book Number |
9781032771212 |
| 035 ## - SYSTEM CONTROL NUMBER |
| System control number |
23914766 |
| 040 ## - CATALOGING SOURCE |
| Original cataloging agency |
DNLM/DLC |
| Language of cataloging |
eng |
| Description conventions |
rda |
| Transcribing agency |
DLC |
| Modifying agency |
DLC |
| 042 ## - AUTHENTICATION CODE |
| Authentication code |
pcc |
| 050 00 - LIBRARY OF CONGRESS CALL NUMBER |
| Classification number |
RC 556 .B33 |
| 060 00 - NATIONAL LIBRARY OF MEDICINE CALL NUMBER |
| Classification number |
WP 39 |
| 082 00 - DEWEY DECIMAL CLASSIFICATION NUMBER |
| Classification number |
616.6/9 |
| Edition number |
23/eng/20250320 |
| 100 1# - MAIN ENTRY--PERSONAL NAME |
| Personal name |
Babb, Corey R. |
| Titles and other words associated with a name |
(Gynecologist), |
| Relator term |
author. |
| 245 12 - TITLE STATEMENT |
| Title |
A practical guide to female sexual medicine / |
| Statement of responsibility, etc |
Corey R. Babb. |
| 263 ## - PROJECTED PUBLICATION DATE |
| Projected publication date |
2505 |
| 264 #1 - PUBLICATION, DISTRIBUTION, ETC. (IMPRINT) |
| Place of publication, distribution, etc |
Boca Raton, FL : |
| Name of publisher, distributor, etc |
CRC Press, |
| Date of publication, distribution, etc |
2025. |
| 300 ## - PHYSICAL DESCRIPTION |
| Extent |
xiii, 197p. ill. |
| 336 ## - CONTENT TYPE |
| Content type term |
text |
| Content type code |
txt |
| Source |
rdacontent |
| 337 ## - MEDIA TYPE |
| Media type term |
unmediated |
| Media type code |
n |
| Source |
rdamedia |
| 338 ## - CARRIER TYPE |
| Carrier type term |
volume |
| Carrier type code |
nc |
| Source |
rdacarrier |
| 504 ## - BIBLIOGRAPHY, ETC. NOTE |
| Bibliography, etc |
Includes bibliographical references and index. |
| 505 0# - FORMATTED CONTENTS NOTE |
| Formatted contents note |
The Female Sexual Medicine Patient -- Female Sexual Anatomy and Physiology -- Female Sexual Desire : Function and Dysfunction -- Female Sexual Arousal : Function and Dysfunction -- Sexual Pain Disorders -- Female Orgasm : Function and Dysfunction -- Diagnostic Tests in Female Sexual Medicine -- Medical Therapies for Female Sexual Disorders -- Sexual Function Metrics and Questionnaires -- The Effects of Lifestyle Factors on Female Sexual Function. |
| 520 ## - SUMMARY, ETC. |
| Summary, etc |
"The appropriate diagnosis, management, and even terminology for women with sexual health problems have all been much debated in the past few years. This practical text aims to guide the gynecologists, urologists, family physicians, and other professionals involved with the care of these patients. With case presentations, treatment algorithms, and schematic illustrations, this comprehensive yet accessible text will be an invaluable reference for the current state of the clinical art. Provides an accessible guide to a very contested area of patient care. Offers a comprehensive resource for the gynecologists, urologists, and family physicians involved in care for patients with female sexual dysfunction. Presents a concise and practical route through the clinical details a professional physician needs for patient diagnosis and management"-- |
| Assigning source |
Provided by publisher. |
| 650 12 - SUBJECT ADDED ENTRY--TOPICAL TERM |
| Topical term or geographic name as entry element |
Sexual Dysfunction, Physiological |
| General subdivision |
diagnosis |
| 650 12 - SUBJECT ADDED ENTRY--TOPICAL TERM |
| Topical term or geographic name as entry element |
Sexual Dysfunction, Physiological |
| General subdivision |
therapy |
| 655 #2 - INDEX TERM--GENRE/FORM |
| Genre/form data or focus term |
Handbook |
| 655 #2 - INDEX TERM--GENRE/FORM |
| Genre/form data or focus term |
Case Reports |
| 776 08 - ADDITIONAL PHYSICAL FORM ENTRY |
| Relationship information |
Online version: |
| Main entry heading |
Babb, Corey R. (Gynecologist). |
| Title |
Practical guide to female sexual medicine |
| Edition |
First edition. |
| Place, publisher, and date of publication |
Boca Raton, FL : CRC Press, 2025 |
| International Standard Book Number |
9781003494522 |
| Record control number |
(DLC) 2024052426 |
| 906 ## - LOCAL DATA ELEMENT F, LDF (RLIN) |
| a |
7 |
| b |
cbc |
| c |
orignew |
| d |
1 |
| e |
ecip |
| f |
20 |
| g |
y-gencatlg |
| 942 ## - ADDED ENTRY ELEMENTS (KOHA) |
| Source of classification or shelving scheme |
Library of Congress Classification |
| Koha item type |
Books |